| 000 | 00764nam a22002055i 4500 | ||
|---|---|---|---|
| 001 | 154818 | ||
| 003 | ES-MaACL | ||
| 005 | 20250808063534.0 | ||
| 008 | 990517s1869 sp |||| | spa d | ||
| 040 |
_aCCPB | B _bspa _cCCPB | B |
||
| 100 | 1 |
_aNieto y Serrano, Matías, _d1813-1902 _9130482 |
|
| 245 | 1 | 3 |
_aLa libertad moral _b: (Réplica á un Libro del Sr. D. Pedro Mata) / _cpor Don Matias Nieto Serrano ; otra respuesta al mismo libro por Joaquín Quintana. |
| 260 |
_aMadrid : _b[s.n.], _c1869 ( _fImprenta de P.G. y Orga) |
||
| 300 |
_a88 p. ; _c21 cm. |
||
| 510 | 4 |
_aPalau, _ct. XI, 191330 |
|
| 650 | 7 |
_aÉtica _2embne _912577 |
|
| 700 | 1 | 1 |
_aQuintana, Joaquín. _994664 |
| 852 |
_aES-MaACL _jG-15744 _z-- Enc. hol. |
||
| 999 |
_c154818 _d154818 |
||